Iconic Movie Dresses: Red, Pink, Purple, and Blue Quiz Stats

 Plays Quiz Updated Sep 3, 2016

Score 0/16 Timer 05:00
4 Plays Today
Hint Movie % Correct
The Wizard of Oz
95.6%
Frozen
94.9%
Pretty Woman
92.4%
Tangled
84.3%
Pretty in Pink
80.4%
Harry Potter and the Goblet of Fire
74.3%
Cinderella
72.9%
The Hunger Games
68.1%
Hint Movie % Correct
Star Wars: Episode I – The Phantom Menace
67%
Lord of the Rings: The Return of the King
67%
Gone with the Wind
65.6%
Elizabeth: The Golden Age
65.5%
Gentlemen Prefer Blondes
51.4%
My Fair Lady
51.2%
Romeo and Juliet
30.7%
To Catch a Thief
15.2%

You're not logged in!

Compare scores with friends on all Sporcle quizzes.
OR
Log In

You Might Also Like...

Show Comments

Extras

Top Quizzes Today


Score Distribution

Your Account Isn't Verified!

In order to create a playlist on Sporcle, you need to verify the email address you used during registration. Go to your Sporcle Settings to finish the process.

Report this User

Report this user for behavior that violates our Community Guidelines.

Details: